00615nam a22002055a 450000500170000000800410001701000140005802000260007202000150009803500130011303700150012604000180014108200160015910000230017524500700019826000460026830000300031450000510034465000140039520081017051548.0081017s2008 ii | 00| 0 eng  aENG-91555 a9780195699210c645.00 a0195699211 aEN-75088 bDBAD / PUB adplbEnglish  a340.0917645 aMenski, Werner F.  aHindu Law;cby Werner F. Menskibbeyond tradition and modernity / aNew Delhi bOxford University Pressc2008 axxii, 648 p.c24cm (pbk)  aIncludes bibliographical references and index  aHindu law